[Event "Uljanovsk Volga op"]
[Site "Uljanovsk"]
[Date "2014.01.04"]
[Round "4"]
[White "Breskanu, Nikita"]
[Black "Makarenko, Vladimir"]
[Result "0-1"]
[WhiteElo "1585"]
[BlackElo "1905"]
[PlyCount "56"]
[EventDate "2014.01.03"]
[EventType "swiss"]
[EventRounds "9"]
[EventCountry "RUS"]
[SourceTitle "CBM 158 Extra"]
[Source "ChessBase"]
[SourceDate "2014.02.28"]
[SourceVersion "1"]
[SourceVersionDate "2014.02.28"]
[SourceQuality "1"]

1. d4 f5 2. e4 fxe4 3. Nc3 Nf6 4. Bg5 g6 5. Bxf6 exf6 6. Nxe4 Bg7 7. Nf3 0-0 8. Be2 d5 9. Ng3 Nc6 10. c3 f5 11. Bd3 g5 12. Qc2 g4 13. Nd2 f4 14. Bxh7+ Kh8 15. Ne2 f3 16. gxf3 gxf3 17. Nc1 Qe7+ 18. Kd1 Qh4 19. Bd3 Qxf2 20. Ndb3 Qh4 21. Bf1 Bf5 22. Bd3 Bg4 23. Nd2 Rae8 24. b4 Qh5 25. Nf1 f2+ 26. Be2 Qh3 27. Bxg4 Qxg4+ 28. Ne2 Qg2 0-1

[Event "Uljanovsk Povolje op"]
[Site "Uljanovsk"]
[Date "2013.08.25"]
[Round "2"]
[White "Makarenko, Vladimir"]
[Black "Triapkin, Pavel"]
[Result "0-1"]
[WhiteElo "1928"]
[BlackElo "2278"]
[PlyCount "58"]
[EventDate "2013.08.24"]
[EventType "swiss"]
[EventRounds "9"]
[EventCountry "RUS"]
[SourceTitle "CBM 156 Extra"]
[Source "ChessBase"]
[SourceDate "2013.10.22"]
[SourceVersion "1"]
[SourceVersionDate "2013.10.22"]
[SourceQuality "1"]

1. e4 c6 2. d4 d5 3. e5 c5 4. Nf3 Nc6 5. Nc3 Bg4 6. Be2 e6 7. Be3 Bxf3 8. Bxf3 cxd4 9. Bxd4 Nge7 10. 0-0 Nf5 11. Ne2 Qc7 12. Re1 Be7 13. c3 0-0 14. Ng3 Nfxd4 15. cxd4 Qb6 16. Ne2 Qxb2 17. Rb1 Qxa2 18. Qd3 Qa5 19. Nf4 Rfc8 20. Bh5 Nd8 21. Re3 Bg5 22. Rh3 Bxf4 23. g3 Rc1+ 24. Kg2 Qe1 25. gxf4 Rxb1 26. Qxh7+ Kf8 27. Bg4 Qg1+ 28. Kf3 Rb3+ 29. Ke2 Qxg4+ 0-1

[Event "Uljanovsk Sidorov Memorial"]
[Site "Uljanovsk"]
[Date "2013.07.12"]
[Round "3"]
[White "Golubchikov, Alexey"]
[Black "Makarenko, Vladimir"]
[Result "1/2-1/2"]
[WhiteElo "1769"]
[BlackElo "1930"]
[PlyCount "28"]
[EventDate "2013.07.11"]
[EventType "swiss"]
[EventRounds "9"]
[EventCountry "RUS"]
[SourceTitle "EXT 2014"]
[Source "ChessBase"]
[SourceDate "2013.11.20"]
[SourceVersion "1"]
[SourceVersionDate "2013.11.20"]
[SourceQuality "1"]

1. e4 c5 2. c3 d5 3. exd5 Qxd5 4. d4 Nf6 5. Nf3 Bg4 6. Be2 Nc6 7. c4 Qh5 8. d5 0-0-0 9. Qa4 Nd4 10. Nxd4 cxd4 11. f3 Qe5 12. Kf2 d3 13. Bd1 Qd4+ 14. Be3 Qxb2+ 1/2-1/2

[Event "Uljanovsk op"]
[Site "Uljanovsk"]
[Date "2010.01.09"]
[Round "7"]
[White "Makarenko, Vladimir"]
[Black "Markin, Igor"]
[Result "1-0"]
[WhiteElo "2150"]
[BlackElo "2155"]
[PlyCount "59"]
[EventDate "2010.01.04"]
[EventType "swiss"]
[EventRounds "9"]
[EventCountry "RUS"]
[SourceTitle "CBM 134 Extra"]
[Source "ChessBase"]
[SourceDate "2010.03.03"]
[SourceVersion "1"]
[SourceVersionDate "2010.03.03"]
[SourceQuality "1"]

1. e4 c5 2. f4 d5 3. exd5 Nf6 4. Nf3 Nxd5 5. Bc4 Nb6 6. Be2 Nc6 7. 0-0 g6 8. d3 Bg7 9. c3 0-0 10. Nbd2 Qc7 11. Ne4 Nd7 12. Be3 b6 13. Qe1 Bb7 14. Qh4 Rfe8 15. f5 gxf5 16. Nfg5 Nf8 17. Rxf5 Nd8 18. Raf1 f6 19. Qh5 Qd7 20. R5f4 fxg5 21. Nxg5 e5 22. Rg4 Re6 23. Nxe6 Qxe6 24. d4 exd4 25. Bh6 Ng6 26. Bxg7 Kxg7 27. Bc4 Qxc4 28. Qe5+ Kh6 29. Qg5+ Kg7 30. Qf6+ 1-0

[Event "Uljanovsk op"]
[Site "Uljanovsk"]
[Date "2010.01.08"]
[Round "6"]
[White "Lavrov, Vasily"]
[Black "Makarenko, Vladimir"]
[Result "1/2-1/2"]
[WhiteElo "1975"]
[BlackElo "2150"]
[PlyCount "62"]
[EventDate "2010.01.04"]
[EventType "swiss"]
[EventRounds "9"]
[EventCountry "RUS"]
[SourceTitle "CBM 134 Extra"]
[Source "ChessBase"]
[SourceDate "2010.03.03"]
[SourceVersion "1"]
[SourceVersionDate "2010.03.03"]
[SourceQuality "1"]

1. Nf3 Nf6 2. d4 g6 3. e3 Bg7 4. b3 c5 5. Bb2 cxd4 6. exd4 d5 7. Be2 0-0 8. Nbd2 Nc6 9. 0-0 Bf5 10. c3 Rc8 11. Nh4 e6 12. Nxf5 gxf5 13. Bb5 Ne7 14. Bd3 Kh8 15. Rc1 Rg8 16. Rc2 Ng6 17. Nf3 Ne4 18. c4 Nf4 19. Bc1 Bh6 20. g3 Qf6 21. Kh1 Nxd3 22. Qxd3 dxc4 23. bxc4 Rgd8 24. Bb2 Bg7 25. Nd2 Qg6 26. f3 Nxd2 27. Qxd2 Rd7 28. Rd1 Rcd8 29. Qf2 b6 30. f4 Bf6 31. Rcd2 Qg7 1/2-1/2

[Event "Uljanovsk Bagirov Memorial"]
[Site "Uljanovsk"]
[Date "2007.08.26"]
[Round "9"]
[White "Zuev, Aleksandr"]
[Black "Makarenko, Vladimir"]
[Result "1-0"]
[WhiteElo "2052"]
[BlackElo "2150"]
[PlyCount "68"]
[EventDate "2007.08.12"]
[EventType "swiss"]
[EventRounds "9"]
[EventCountry "RUS"]
[SourceTitle "EXT 2009"]
[Source "ChessBase"]
[SourceDate "2008.11.26"]
[SourceVersion "1"]
[SourceVersionDate "2008.11.26"]
[SourceQuality "1"]

1. d4 Nf6 2. c4 e6 3. a3 b6 4. Nf3 Bb7 5. Nc3 d5 6. e3 c5 7. cxd5 exd5 8. Bb5+ Nbd7 9. Ne5 a6 10. Bd3 Nxe5 11. dxe5 Nd7 12. f4 Qh4+ 13. g3 Qh6 14. 0-0 Be7 15. e4 c4 16. Bb1 Bc5+ 17. Kg2 d4 18. Nd5 0-0-0 19. b4 cxb3 20. Qxb3 f5 21. Bd3 Rhe8 22. Ra2 Qe6 23. Kg1 fxe4 24. Bxe4 d3+ 25. Kg2 Nf8 26. Qxd3 Rxd5 27. Qf3 Rd7 28. Bxb7+ Rxb7 29. Rc2 Kb8 30. Be3 Qb3 31. Re2 Ne6 32. f5 Nd4 33. Bxd4 Qxf3+ 34. Rxf3 Bxd4 1-0

[Event "Uljanovsk Bagirov Memorial"]
[Site "Uljanovsk"]
[Date "2007.08.19"]
[Round "6"]
[White "Kovtun, Sergei"]
[Black "Makarenko, Vladimir"]
[Result "1-0"]
[WhiteElo "2282"]
[BlackElo "2150"]
[PlyCount "67"]
[EventDate "2007.08.12"]
[EventType "swiss"]
[EventRounds "9"]
[EventCountry "RUS"]
[SourceTitle "EXT 2009"]
[Source "ChessBase"]
[SourceDate "2008.11.26"]
[SourceVersion "1"]
[SourceVersionDate "2008.11.26"]
[SourceQuality "1"]

1. e4 e5 2. Nf3 Nc6 3. Bb5 f5 4. Qe2 fxe4 5. Bxc6 bxc6 6. Qxe4 Nf6 7. Qxe5+ Be7 8. 0-0 0-0 9. d3 d5 10. Bg5 Rb8 11. Nbd2 Bd6 12. Qc3 Rb4 13. d4 Qe8 14. Ne5 Qh5 15. Bxf6 Rxf6 16. f4 Rh6 17. h3 Rb6 18. a3 Bxe5 19. fxe5 Rg6 20. Qf3 Qxf3 21. Rxf3 Be6 22. b4 a5 23. Nb3 axb4 24. axb4 h6 25. Ra8+ Kh7 26. Nc5 Rxb4 27. Rff8 Rg3 28. Nxe6 Rb2 29. Kh2 Rc3 30. Rf7 Kg6 31. Raf8 Rcxc2 32. Rxg7+ Kh5 33. Nf4+ Kh4 34. Rg4# 1-0

[Event "Uljanovsk Bagirov Memorial"]
[Site "Uljanovsk"]
[Date "2007.08.19"]
[Round "5"]
[White "Lavrov, Vasily"]
[Black "Makarenko, Vladimir"]
[Result "0-1"]
[WhiteElo "2010"]
[BlackElo "2150"]
[PlyCount "56"]
[EventDate "2007.08.12"]
[EventType "swiss"]
[EventRounds "9"]
[EventCountry "RUS"]
[SourceTitle "EXT 2009"]
[Source "ChessBase"]
[SourceDate "2008.11.26"]
[SourceVersion "1"]
[SourceVersionDate "2008.11.26"]
[SourceQuality "1"]

1. e4 e5 2. Nc3 Nf6 3. f4 d5 4. exd5 e4 5. d3 Bb4 6. dxe4 Nxe4 7. Qd4 Qe7 8. Be3 0-0 9. Bd3 Nxc3 10. bxc3 Bxc3+ 11. Qxc3 Qxe3+ 12. Ne2 Re8 13. Qd2 Qc5 14. 0-0-0 Na6 15. c3 Bg4 16. Rde1 Nb4 17. Kb2 Nxd3+ 18. Qxd3 Re3 19. Qxe3 Qxe3 20. Nd4 Qxf4 21. Re7 Qd2+ 22. Kb3 Bd1+ 23. Kb4 Qb2+ 24. Nb3 a5+ 25. Kc4 Bxb3+ 26. axb3 b5+ 27. Kd4 Qxb3 28. Rhe1 Qc4+ 0-1

[Event "Uljanovsk Petrosian Memorial op"]
[Site "Uljanovsk"]
[Date "2006.06.11"]
[Round "8"]
[White "Makarenko, Vladimir"]
[Black "Parshakov, Vladimir"]
[Result "0-1"]
[WhiteElo "2150"]
[BlackElo "2141"]
[PlyCount "91"]
[EventDate "2006.05.27"]
[EventType "swiss"]
[EventRounds "9"]
[EventCountry "RUS"]
[SourceTitle "EXT 2008"]
[Source "ChessBase"]
[SourceDate "2007.11.25"]
[SourceVersion "1"]
[SourceVersionDate "2007.11.25"]
[SourceQuality "1"]

1. d4 Nf6 2. c4 e6 3. Nc3 Bb4 4. Qc2 d5 5. a3 Bxc3+ 6. bxc3 Ne4 7. Be3 b6 8. f3 Nd6 9. cxd5 exd5 10. Bf2 Bf5 11. Qa4+ Qd7 12. Qxd7+ Kxd7 13. e3 Nc6 14. g4 Bg6 15. h4 h6 16. Ne2 f6 17. Nf4 Bf7 18. Bd3 Na5 19. 0-0 Nac4 20. Rfe1 g5 21. Ng2 h5 22. e4 Nd2 23. Re3 hxg4 24. e5 Nxf3+ 25. Kf1 fxe5 26. dxe5 Ne4 27. Bxe4 Nd2+ 28. Ke2 Nxe4 29. hxg5 Rh2 30. Rg1 Rah8 31. Bg3 Rh1 32. Rxh1 Rxh1 33. Nf4 Nxg5 34. Be1 Rh2+ 35. Kd3 c5 36. Re2 c4+ 37. Ke3 Rh1 38. Kf2 Nf3 39. e6+ Bxe6 40. Rxe6 Ng5 41. Re3 Kd6 42. Kg2 Rh6 43. Kg3 Ne4+ 44. Kxg4 Rh2 45. Re2 Rh6 46. Kf3 0-1

[Event "Uljanovsk Petrosian Memorial op"]
[Site "Uljanovsk"]
[Date "2006.05.27"]
[Round "1"]
[White "Chikunov, Anatoliy"]
[Black "Makarenko, Vladimir"]
[Result "0-1"]
[WhiteElo "2045"]
[BlackElo "2150"]
[PlyCount "66"]
[EventDate "2006.05.27"]
[EventType "swiss"]
[EventRounds "9"]
[EventCountry "RUS"]
[SourceTitle "EXT 2008"]
[Source "ChessBase"]
[SourceDate "2007.11.25"]
[SourceVersion "1"]
[SourceVersionDate "2007.11.25"]
[SourceQuality "1"]

1. e4 e5 2. Nf3 Nc6 3. Bb5 Nf6 4. 0-0 d6 5. d4 exd4 6. e5 Ng4 7. Re1 dxe5 8. h3 Nxf2 9. Kxf2 Bd6 10. Bg5 f6 11. Nxe5 Bxe5 12. Qh5+ Kf8 13. Bc4 Qe8 14. Qf3 Be6 15. Nd2 Bxc4 16. Nxc4 Qf7 17. Nxe5 fxe5 18. b4 Qxf3+ 19. Kxf3 Re8 20. b5 Nb4 21. Ke4 Nxc2 22. Rf1+ Kg8 23. Rac1 Na3 24. Rxc7 Nxb5 25. Rd7 Nc3+ 26. Kd3 h6 27. Rff7 Rh7 28. Bf6 Nd5 29. Bxg7 Nf4+ 30. Ke4 Ne6 31. Rfe7 Nc5+ 32. Kf5 Rxe7 33. Rxe7 Rxg7 0-1